Ekonomska istorija sveta do 16. veka

Gespeichert in:
Bibliographische Detailangaben
1. Verfasser: Stojanović, Biljana
Format: Buch
Sprache:Serbisch
Veröffentlicht: Beograd Megatrend univerzitet 2005
Schlagworte:
Tags: Tag hinzufügen
Keine Tags, Fügen Sie das erste Tag hinzu!

MARC

LEADER 00000nam a2200000 4500
001 0126507
005 20250711113720.7
020 |a 978-86-7747-201-0 
041 0 |a srp 
044 |a RS 
245 1 0 |a Ekonomska istorija sveta do 16. veka  |c Biljana Stojanović 
264 1 |a Beograd  |b Megatrend univerzitet  |c 2005 
300 |a 386 s. 
610 2 0 |a dejiny hospodárske 
610 2 0 |a história 
610 2 0 |a civilizácia 
100 1 |a Stojanović, Biljana